000 00999nmm a2200289 a 4500
001 ocm0002146335
003 TR-IsHL
005 20201028182328.0
008 190131s2018 tu tur
007 cr cn
020 _a9786055122683
035 _a2146335
_b(N$T)
050 0 4 _aPL248.U573
_bH47 2018
090 0 4 _aPL248.U573
_bH47 2018
100 1 _aÜnsal, İbrahim
245 1 0 _aHer imlaya maydanoz: komik değişim öyküleri
_h[electronic resource] /
_cİbrahim Ünsal ; editör F. Zehra Bayrak
250 _a3. Baskı
260 _aİstanbul :
_bGenç Hayat Yayınları,
_c2018
300 _a168 p.
650 4 _aDil ve Edebiyat
650 4 _aLanguage and Literature
650 0 _aTürk edebiyatı
_x Çocuk romanı
650 0 _aTurkish literature
_x Juvenile fiction
650 7 _aLITERARY COLLECTIONS / Middle Eastern
_2bisacsh
700 1 _aBayrak, F. Zehra
856 4 0 _uhttp://search.ebscohost.com/login.aspx?direct=true&scope=site&db=e011xww&AN=2146335
999 _c20017
_d20017